| 000 | 013580000a22003130004500 | ||
|---|---|---|---|
| 003 | EG-GICUC | ||
| 005 | 20250223032957.0 | ||
| 008 | 070416s2003 ua f m 000 0 eng d | ||
| 040 |
_aEG-GICUC _beng _cEG-GICUC |
||
| 041 | 0 | _aeng | |
| 049 | _aDeposite | ||
| 097 | _aM.Sc | ||
| 099 | _aCai01.28.01.M.Sc.2003.Ma.E | ||
| 100 | 0 | _aMaha Tawfik Youssef Mohamed | |
| 245 | 1 | 4 |
_aThe effect of a suggested program on enhancing environmental awareness and voabulary building of the first year preparatory students / _cMaha Tawfik Youssef Mohamed ; Supervised Zeinab Ali Elnaggar , Raga Attala Hanna |
| 246 | 1 | 5 | _aاثر برنامج مقترح فى اللغة الانجليزية على تعزيز الوعى البيئى والحصيلة اللغوية لدى تلاميذ الصف الاول الاعدادى |
| 260 |
_aCairo : _bMaha Tawfik Youssef Mohamed , _c2003 |
||
| 300 |
_a157 P. ; _c30cm |
||
| 502 | _aThesis (M.Sc.) - Cairo University - Faculty of Education - Department of Curricula and Methodology | ||
| 530 | _aIssued also as CD | ||
| 653 | 4 | _aPreparatory students | |
| 653 | 4 | _aSuggested program on enhancing | |
| 700 | 0 |
_aRaga Attala Hanna , _eSupervisor |
|
| 700 | 0 |
_aZeinab Ali Elnaggar , _eSupervisor |
|
| 856 | _uhttp://172.23.153.220/th.pdf | ||
| 905 |
_aAml _eCataloger |
||
| 905 |
_aEsam _eRevisor |
||
| 942 |
_2ddc _cTH |
||
| 999 |
_c85429 _d85429 |
||